Statystyki dla Śląsk Wrocław, jesień 2019/2020

Kliknij tutaj aby rozwiązać quiz!

Ogólne statystyki

  • Ten quiz został rozwiązany 90 razy
  • Średni wynik to 15 z 25

Statystyki odpowiedzi

PozycjaImię i Nazwisko% Poprawnych
BramkarzMatus Putnocky
88%
ObrońcaPiotr Celeban
84%
NapastnikErik Exposito
83%
PomocnikRobert Pich
83%
PomocnikPrzemysław Płacheta
81%
PomocnikKrzysztof Mączyński
81%
ObrońcaŁukasz Broź
71%
ObrońcaDino Stiglec
71%
ObrońcaMariusz Pawelec
71%
ObrońcaWojciech Golla
69%
PomocnikMichał Chrapek
68%
PomocnikLubambo Musonda
61%
PomocnikJakub Łabojko
60%
NapastnikPiotr Samiec-Talar
58%
ObrońcaKamil Dankowski
55%
BramkarzDaniel Kajzer
52%
ObrońcaIsrael Puerto
52%
PomocnikMateusz Cholewiak
51%
PomocnikDamian Gąska
49%
NapastnikDaniel Szczepan
44%
PomocnikAdrian Łyszczarz
32%
ObrońcaMateusz Hołownia
31%
PomocnikMateusz Radecki
31%
BramkarzDariusz Szczerbal
31%
PomocnikBartosz Borun
12%

Rozkład punktacji

Percentyl według liczby udzielonych odpowiedzi

Procent ludzi z każdym wynikiem

Twoja historia wyników

Nie rozwiązałeś tego quizu